London Quotes! - Statistics

General Stats
  • This quiz has been taken 2 times
  • The average score is 7 of 20
Answer Stats
Hint Answer % Correct
The mighty T shadow is born ___ along
100%
Of the chariot, ___ God
100%
No, no, no, it wasn't like *knee slap* that ___ bad
50%
Type of adjective Epic
50%
I say, "yeah and no" pretty ___ frequently
50%
Junuh, I saved ___ it
50%
Okay, I'll give you a basic summary of ___ it
50%
I say epic a ___ lot
50%
Long and ___ loud
50%
Do I have to show my work on this ___ paper?
50%
Gage walked up like an anime ___ villain
50%
'Cause I have all the ___ answers
0%
Do ___ anything?
0%
She started ___ crying
0%
So, you know what ___ happened?
0%
Not telling ___ Jokes
0%
No, it's for her ___ only
0%
Type of verb Stop
0%
He just walked by me and I said ___ Whee Woo
0%
Type of interjection Wow
0%
No matching quizzes found
Score Distribution
Percent of People with Each Score
Percentile by Number Answered
Your Score History
You have not taken this quiz